00872nam a2200217 a 450000100100000000500170001000800410002704000250006804100390009308200150013210000200014724000500016724501130021726000570033030000260038749000260041350400740043953400760051370000370058983000280062600002358620200930022329.0101214s1970 ag r 000 e spa d aDO-SdBNPbspacBNPHU17aspaheng2Código de idiomas MARC annnnbZ22o1 aZald, Mayer N.,10aOrganizing for community welfare.lEspañol.10aOrganización del bienestar social /cMayer N. Zald y otros ; traducción de María Luisa S. de Selvás. aBuenos Aires :bHumanitas ;bTres Américas,c1970. a364, [1] p. ;c20 cm.1 aPromoción humanav3 aIncluye referencias bibliográficas y notas al pie de las páginas. pTítulo original en inglés:tOrganizing for community welfare.c19671 aSelvás, María Luisa S.,etr. 0aPromoción humana ;v3